00425nam a22000977a 4500008004100000010001200041245006700053260000900120500005400129500014400183110614t xxu||||| |||| 00| 0 eng d aHCCAF39 aHigh Court Criminal Appeal No.7/1996 Magidu Mudasi vs Uganda  c1996 aCARAM:S.T. Mayindo, DCJ: C.M.Kato .J.A. Berko.JA. aAn Appeal from a Conviction of the High Court of Uganda at Mbale by Justice Engwau dated 31/11/1995 in Criminal Session Case No. 90 of 1993